000 004310000a22001810004500
003 MACL
005 20151206123430.0
008 151206b xxu||||| |||| 00| 0 eng d
040 _aMACL
_cMACL
041 _aEnglish
082 _a741.642
100 _aNarmada Pustak Prakashan
_919501
245 _aRhymes
260 _bNarmada Pustak Prakashan
350 _a20
650 _aChildrens Book
_97875
942 _cBK
_k741.642
_2ddc
999 _c42837
_d42837